Statistics for Win the 1828 U.S. Presidential Election

Click here to take the quiz!

General Stats

  • This quiz has been taken 2,725 times
  • The average score is 101 of 261

Answers on the Map

Answers color-coded by a green-red scale on the quiz's map according to % correct below.
Loading ...
 

Answer Stats

#State% Correct
36New York
93%
24Virginia
61%
28Pennsylvania
58%
16Ohio
46%
9Georgia
45%
9Maine
45%
16Ohio
45%
3Illinois
36%
15North Carolina
35%
15Massachusetts
27%
8New Jersey
23%
5Indiana
17%
11South Carolina
12%
7Vermont
12%
5Louisiana
12%
14Kentucky
10%
11Maryland
10%
5Alabama
9%
11Tennessee
8%
3Missouri
7%
8New Hampshire
6%
4Rhode Island
5%
8Connecticut
4%
3Delaware
4%
3Mississippi
2%

Score Distribution

Percentile by Number Answered

Percent of People with Each Score

Your Score History

You have not taken this quiz